CEOs of Major Companies - Statistics

General Stats
  • This quiz has been taken 176 times
  • The average score is 6 of 14
Answer Stats
Company CEO % Correct
Tesla Elon Musk
92%
Facebook Mark Zuckerberg
84%
Amazon Jeff Bezos
75%
Apple Tim Cook
73%
Berkshire Hathaway Warren Buffett
56%
Google Sundar Pichai
38%
Microsoft Satya Nadella
37%
Virgin Group Richard Branson
30%
Dell Michael Dell
26%
Twitter Jack Dorsey
20%
JPMorgan Chase Jamie Dimon
20%
Disney Robert Iger
9%
Walmart Doug McMillon
8%
Nike Mark Parker
3%
No matching quizzes found
Score Distribution
Percent of People with Each Score
Percentile by Number Answered
Your Score History
You have not taken this quiz